Statistiques concernant Meilleurs Passeurs de la Ligue 1 par Saison depuis 1999/2000

Cliquez ici pour prendre le quiz!

Statistiques générales

  • Ce quiz a été pris 102 fois
  • Le résultat moyen est 11 sur 24

Statistiques - réponses

SaisonClubMeilleur ButeurNombre de But% Correct
2022-2023Paris SGLionel Messi16
96%
2021-2022Paris SGKylian Mbappé17
95%
2014-2015Olympique de MarseilleDimitri Payet16
90%
2017-2018Paris SGNeymar13
87%
2019-2020Paris SGAngel Di Maria14
83%
2015-2016Paris SGAngel Di Maria18
83%
2011-2012Lille OSCEden Hazard15
73%
2018-2019Nîmes OlympiqueTéji Savanier13
63%
2020-2021Olympique LyonnaisMemphis Depay12
55%
2013-2014AS MonacoJames Rodriguez12
53%
2010-2011FC Sochaux-MontbéliardMarvin Martin17
48%
2012-2013Olympique de MarseilleMathieu Valbuena12
44%
2002-2003AS MonacoJérôme Rothen13
31%
2000-2001FC NantesEric Carrière11
29%
2001-2002Olympique LyonnaisEric Carrière8
29%
2016-2017Olympique de MarseilleMorgan Sanson12
28%
2009-2010Olympique de MarseilleLucho Gonzalez11
23%
1999-2000Olympique de MarseilleRobert Pirès9
13%
2008-2009Lille OSCMichel Bastos9
11%
2005-2006Stade Rennais FCOlivier Monterrubio10
11%
2004-2005Stade Rennais FCOlivier Monterrubio10
11%
2007-2008Stade Rennais FCJérôme Leroy10
6%
2003-2004AJ AuxerreYann Lachuer11
5%
2006-2007AS Nancy LorraineBenjamin Gavanon8
2%

Distribution des résultats

Percentile par nombre de réponses

% des personnes avec chaque résultat

Votre développement - résultats

Vous n’avez pas pris ce quiz